Walking dead character quiz - Statistics

General Stats
  • This quiz has been taken 261 times
  • The average score is 21 of 23
Answer Stats
Hint Answer % Correct
The son of the protagonist Carl
99%
Lost her daughter in season 2 Carol
99%
Badass with a bike and a crossbow Daryl
99%
Farmer/Veterinarian who loses a leg Hershel
99%
Daughter 1 of one legged farmer Maggie
99%
Brother of badass Merle
99%
Wife of the protagonist Lori
98%
The show's protagonist Rick
98%
Daughter 2 of one legged farmer Beth
97%
Daughter of the above Sophia
97%
Sword wielding badass Michonne
96%
Older man from season 1 and 2 Dale
93%
The show's supply runner Glenn
93%
Claims he can save the world Eugene
90%
Is killed by the protagonist's son in season 2 Shane
89%
Traveling companion nr1 of the person above Abraham
88%
The first adult the protagonist meet Morgan
88%
Traveling companion nr2 of the person above Rosita
87%
Leader of Woodbury The Governor
86%
Sister of the above Sasha
85%
Long awaited hammer wielding character Tyreese
83%
Psychopath kid Lizzie
76%
Not a loved character from the early seasons Andrea
69%
No matching quizzes found
Score Distribution
Percent of People with Each Score
Percentile by Number Answered
Your Score History
You have not taken this quiz